[Event "Madrid-chT 1920"]
[Site "Madrid"]
[Date "2020.02.02"]
[Round "7.6"]
[White "Guerrero Villanueva, David"]
[Black "Aymerich Verdaguer, Eduard"]
[Result "1/2-1/2"]
[WhiteElo "1975"]
[BlackElo "2216"]
[PlyCount "37"]
[EventDate "2019.11.24"]
[EventType "team-tourn"]
[EventRounds "14"]
[EventCountry "ESP"]
[SourceVersionDate "2019.11.24"]
[WhiteTeam "Getafe"]
[BlackTeam "Villalba 64"]
[WhiteTeamCountry "ESP"]
[BlackTeamCountry "ESP"]

1. d4 Nf6 2. c4 g6 3. Nc3 Bg7 4. e4 d6 5. Be2 O-O 6. h4 a6 7. h5 c5 8. d5 b5 9.
hxg6 hxg6 10. Qc2 e6 11. Bg5 Qa5 12. Kf1 b4 13. Nd1 Nbd7 14. Qc1 Re8 15. Qf4
exd5 16. exd5 Qc7 17. Bh6 Bh8 18. Bg5 Bg7 19. Bh6 1/2-1/2

[Event "Madrid-chT 1920"]
[Site "Madrid"]
[Date "2020.02.02"]
[Round "7.1"]
[White "Espinosa Aranda, Angel"]
[Black "Reyes Larena, Juan"]
[Result "1-0"]
[WhiteElo "2495"]
[BlackElo "2456"]
[PlyCount "79"]
[EventDate "2019.11.24"]
[EventType "team-tourn"]
[EventRounds "14"]
[EventCountry "ESP"]
[SourceVersionDate "2019.11.24"]
[WhiteTeam "Virgen de Atocha"]
[BlackTeam "San Sebastian de los Reyes"]
[WhiteTeamCountry "ESP"]
[BlackTeamCountry "ESP"]

1. d4 Nf6 2. Bg5 Ne4 3. Bf4 c5 4. f3 Qa5+ 5. c3 Nf6 6. Nd2 cxd4 7. Nb3 Qd8 8.
cxd4 d5 9. e3 Nc6 10. Bd3 e6 11. Ne2 Nh5 12. Bg3 Nxg3 13. hxg3 g6 14. Rc1 Bd7
15. Nc5 Bxc5 16. Rxc5 Rc8 17. Kf2 Ne7 18. Qc2 Kf8 19. g4 Kg7 20. Nf4 b6 21. Rc3
Rxc3 22. Qxc3 Qb8 23. Qa3 Re8 24. Be2 h6 25. Rc1 a5 26. g3 f6 27. Bb5 Bxb5 28.
Rc7 Kf7 29. Qd6 Qxc7 30. Qxc7 Rc8 31. Qxb6 Rc2+ 32. Ke1 Bc6 33. Qa7 Rxb2 34.
Qxa5 g5 35. Nd3 Rb1+ 36. Kd2 Rg1 37. Qc7 Rg2+ 38. Kc3 Rxa2 39. Nb4 Ra3+ 40. Kb2
1-0

[Event "Madrid-chT 1920"]
[Site "Madrid"]
[Date "2020.02.02"]
[Round "7.2"]
[White "Reyes Penas, Sebastian"]
[Black "Almagro Llamas, Pablo"]
[Result "0-1"]
[WhiteElo "2252"]
[BlackElo "2458"]
[PlyCount "152"]
[EventDate "2019.11.24"]
[EventType "team-tourn"]
[EventRounds "14"]
[EventCountry "ESP"]
[SourceVersionDate "2019.11.24"]
[WhiteTeam "San Sebastian de los Reyes"]
[BlackTeam "Virgen de Atocha"]
[WhiteTeamCountry "ESP"]
[BlackTeamCountry "ESP"]

1. e4 c5 2. Nf3 d6 3. d4 cxd4 4. Nxd4 Nf6 5. Nc3 a6 6. g3 e6 7. Bg2 Be7 8. O-O
Qc7 9. Be3 Nc6 10. Nxc6 bxc6 11. Na4 Rb8 12. c4 c5 13. b3 O-O 14. h3 Bb7 15.
Qc2 Bc6 16. Nc3 Rfd8 17. Rad1 Bb7 18. g4 a5 19. g5 Nd7 20. f4 a4 21. Rb1 axb3
22. axb3 Nb6 23. Qf2 Bf8 24. f5 exf5 25. Qxf5 g6 26. Qf3 Bg7 27. Nd5 Bxd5 28.
exd5 Qe7 29. Rbe1 Nd7 30. Bf4 Ne5 31. Qg3 Re8 32. Kh1 Qa7 33. Re3 Qa2 34. h4
Re7 35. h5 Qb2 36. Bf3 Rxb3 37. Rxb3 Qxb3 38. Be2 Qc2 39. Qe3 gxh5 40. Rc1 Qf5
41. Bxh5 Qd7 42. Qg3 Qa4 43. Qh4 Re8 44. Bxe5 Rxe5 45. Rf1 Qc2 46. Bxf7+ Kh8
47. g6 Qe4+ 48. Qxe4 Rxe4 49. gxh7 Kxh7 50. Rc1 Bh6 51. Rc2 Kg7 52. Be6 Kf6 53.
Kg2 Ke5 54. Bd7 Kd4 55. Bb5 Be3 56. Kf3 Rf4+ 57. Kg3 Rf7 58. Ra2 Ke4 59. Ra8
Rg7+ 60. Kh4 Kf3 61. Be8 Rg4+ 62. Kh5 Rxc4 63. Kg6 Ke4 64. Kf6 Bf4 65. Ke6 Rc1
66. Rc8 c4 67. Bg6+ Kd4 68. Rc6 Re1+ 69. Kd7 c3 70. Bf5 Re5 71. Be6 Rg5 72. Ke7
Kd3 73. Kf6 c2 74. Bf5+ Rxf5+ 75. Kxf5 c1=Q 76. Rxc1 Bxc1 0-1

[Event "Madrid-chT 1920"]
[Site "Madrid"]
[Date "2020.02.02"]
[Round "7.3"]
[White "Plazuelo Pascual, Juan"]
[Black "Martinez Fernandez, Raul"]
[Result "1-0"]
[WhiteElo "2444"]
[BlackElo "2201"]
[PlyCount "101"]
[EventDate "2019.11.24"]
[EventType "team-tourn"]
[EventRounds "14"]
[EventCountry "ESP"]
[SourceVersionDate "2019.11.24"]
[WhiteTeam "Virgen de Atocha"]
[BlackTeam "San Sebastian de los Reyes"]
[WhiteTeamCountry "ESP"]
[BlackTeamCountry "ESP"]

1. d4 d5 2. c4 c6 3. Nc3 Nf6 4. e3 a6 5. Nf3 Bf5 6. cxd5 cxd5 7. Ne5 Nc6 8. Be2
h5 9. Bd2 Nxe5 10. dxe5 Nd7 11. Nxd5 e6 12. Nf4 Nxe5 13. Bc3 Qxd1+ 14. Rxd1 Ng4
15. Bf3 Rb8 16. h3 Nf6 17. Bxf6 gxf6 18. Nxh5 Bb4+ 19. Ke2 Ke7 20. a3 Bd6 21.
Nxf6 Be5 22. Nd7 Bxb2 23. Nxb8 Rxb8 24. e4 Bg6 25. Rd3 f6 26. Rb1 Be5 27. Rdb3
b5 28. a4 Be8 29. axb5 Bxb5+ 30. Ke1 Rc8 31. Be2 Rc2 32. Bxb5 axb5 33. Rxb5 Bd4
34. Rb7+ Kd6 35. R7b3 Ke5 36. Rf3 Kxe4 37. Kf1 f5 38. Re1+ Kd5 39. h4 Rc8 40.
Rd1 Rb8 41. g3 Rf8 42. Kg2 e5 43. Ra3 Rb8 44. Rd2 Ke6 45. Ra6+ Kf7 46. Rc2 Rb7
47. h5 Kg7 48. Rg6+ Kh7 49. Rf6 f4 50. gxf4 Rg7+ 51. Kf1 1-0

[Event "Madrid-chT 1920"]
[Site "Madrid"]
[Date "2020.02.02"]
[Round "7.4"]
[White "Quevedo Marin, Manuel"]
[Black "Martinez Conde Hernandez, Carlos"]
[Result "0-1"]
[WhiteElo "2198"]
[BlackElo "2098"]
[PlyCount "94"]
[EventDate "2019.11.24"]
[EventType "team-tourn"]
[EventRounds "14"]
[EventCountry "ESP"]
[SourceVersionDate "2019.11.24"]
[WhiteTeam "San Sebastian de los Reyes"]
[BlackTeam "Virgen de Atocha"]
[WhiteTeamCountry "ESP"]
[BlackTeamCountry "ESP"]

1. d4 Nf6 2. c4 g6 3. Nc3 Bg7 4. e4 d6 5. f4 O-O 6. Nf3 c5 7. d5 e6 8. dxe6
fxe6 9. Bd3 Nc6 10. O-O Nd4 11. Kh1 Bd7 12. Nxd4 cxd4 13. Ne2 Ng4 14. Qe1 e5
15. Qg3 Qe7 16. Bd2 Nf6 17. Qe1 Nh5 18. f5 gxf5 19. exf5 e4 20. Nf4 Nf6 21. g4
Bc6 22. Kg1 Rae8 23. g5 Nd7 24. f6 Nxf6 25. gxf6 Qxf6 26. Be2 d3 27. Bh5 Qg5+
28. Qg3 Bd4+ 29. Kg2 e3+ 30. Nd5 Qxg3+ 31. hxg3 Re5 32. Rxf8+ Kxf8 33. Bxe3
Bxe3 34. Bf3 Bd4 35. Rd1 Bxb2 36. Rxd3 Re1 37. Rd2 Be5 38. Be2 Rc1 39. Bd3 b5
40. Bxh7 bxc4 41. Be4 Kg7 42. Re2 Bd7 43. Rc2 Rxc2+ 44. Bxc2 Be6 45. Be4 c3 46.
Nb4 a5 47. Nc6 Bd5 0-1

[Event "Madrid-chT 1920"]
[Site "Madrid"]
[Date "2020.02.02"]
[Round "7.5"]
[White "Aguilera Lopez, Alejandro"]
[Black "Alfaya Marcelo, Roberto"]
[Result "1-0"]
[WhiteElo "2211"]
[BlackElo "2145"]
[PlyCount "119"]
[EventDate "2019.11.24"]
[EventType "team-tourn"]
[EventRounds "14"]
[EventCountry "ESP"]
[SourceVersionDate "2019.11.24"]
[WhiteTeam "Virgen de Atocha"]
[BlackTeam "San Sebastian de los Reyes"]
[WhiteTeamCountry "ESP"]
[BlackTeamCountry "ESP"]

1. d4 Nf6 2. Nf3 g6 3. Bg5 Bg7 4. Nbd2 c5 5. dxc5 Qa5 6. c3 Qxc5 7. e4 d6 8.
Qc2 O-O 9. Bc4 Qc7 10. O-O Nc6 11. a4 Bg4 12. Ba2 Nb4 13. Qb1 Nxa2 14. Rxa2 h6
15. Bh4 e5 16. Bxf6 Bxf6 17. Qd3 Be6 18. c4 Bg7 19. b3 f5 20. Rd1 Rad8 21. Nb1
fxe4 22. Qxe4 Rf4 23. Qe3 d5 24. Rad2 d4 25. Nxd4 Rfxd4 26. Rxd4 exd4 27. Qxe6+
Kh7 28. Rd3 Qf4 29. Nd2 b6 30. g3 Qg5 31. f4 Qc5 32. Kg2 Rf8 33. Nf3 Qa3 34.
Qe2 Qa1 35. h4 Rf5 36. Ne1 Rf7 37. Rd1 Re7 38. Qc2 Qc3 39. Qxc3 dxc3 40. Kf3
Kg8 41. Nc2 Kf7 42. Ne3 Ke6 43. Ke4 Re8 44. Kd3 Kd6 45. Nd5 g5 46. Nxc3 gxf4
47. gxf4 Kc5 48. Nd5 a5 49. Rg1 Bh8 50. f5 Rf8 51. Rf1 Rg8 52. f6 Rg3+ 53. Ne3
Kb4 54. f7 Bg7 55. f8=Q+ Bxf8 56. Rxf8 Rh3 57. Rf6 Rxh4 58. Rxb6+ Ka3 59. c5
Rh1 60. c6 1-0

[Event "Madrid-chT 1920"]
[Site "Madrid"]
[Date "2020.02.02"]
[Round "7.6"]
[White "Guillo Longares, Cecilia"]
[Black "Rodrigo Yanguas, Maria"]
[Result "1-0"]
[WhiteElo "2113"]
[BlackElo "2096"]
[PlyCount "95"]
[EventDate "2019.11.24"]
[EventType "team-tourn"]
[EventRounds "14"]
[EventCountry "ESP"]
[SourceVersionDate "2019.11.24"]
[WhiteTeam "San Sebastian de los Reyes"]
[BlackTeam "Virgen de Atocha"]
[WhiteTeamCountry "ESP"]
[BlackTeamCountry "ESP"]

1. d4 Nf6 2. c4 g6 3. Nf3 Bg7 4. g3 O-O 5. Bg2 d6 6. O-O Nc6 7. Nc3 a6 8. Bf4
Qe8 9. Nd5 Nxd5 10. cxd5 Nb4 11. e4 a5 12. a3 Na6 13. Qd2 Bg4 14. e5 Qb5 15.
Ne1 Qe2 16. f3 Qxd2 17. Bxd2 Bf5 18. f4 f6 19. e6 Nb8 20. h3 h5 21. Kh2 c6 22.
Rg1 g5 23. Rc1 cxd5 24. Bxd5 gxf4 25. Bxb7 Ra7 26. Bd5 fxg3+ 27. Rxg3 Kh8 28.
Nf3 Bh7 29. Rcg1 Rg8 30. Nh4 Rc7 31. Bxa5 Rc2+ 32. R1g2 Rxg2+ 33. Rxg2 f5 34.
Nf3 Rf8 35. Ng5 Bg8 36. Bb6 f4 37. Bf3 d5 38. Bxd5 Bh6 39. Nf7+ Bxf7 40. exf7
Bg7 41. Rg5 Kh7 42. Be4+ Kh6 43. Rg6+ Kh7 44. Re6+ Kh8 45. Rxe7 Bf6 46. Rb7 Na6
47. Ra7 Nb8 48. Bc5 1-0

[Event "Madrid-chT 1920"]
[Site "Madrid"]
[Date "2020.02.08"]
[Round "8.1"]
[White "Taboas Rodriguez, Daniel"]
[Black "Khudov, Oleksandr"]
[Result "1/2-1/2"]
[WhiteElo "2350"]
[BlackElo "2187"]
[PlyCount "99"]
[EventDate "2019.11.24"]
[EventType "team-tourn"]
[EventRounds "14"]
[EventCountry "ESP"]
[SourceVersionDate "2019.11.24"]
[WhiteTeam "Blanco y Negro"]
[BlackTeam "Getafe"]
[WhiteTeamCountry "ESP"]
[BlackTeamCountry "ESP"]

1. d4 d5 2. Nf3 Nf6 3. c4 dxc4 4. e3 e6 5. Bxc4 a6 6. O-O c5 7. b3 Nc6 8. Bb2
cxd4 9. Nxd4 Nxd4 10. Bxd4 Be7 11. Nc3 b5 12. Be2 Bb7 13. Bf3 Bxf3 14. Qxf3 O-O
15. a4 b4 16. Ne4 Nd5 17. Rac1 f5 18. Qg3 Rf7 19. Nc5 Bxc5 20. Rxc5 Rc8 21.
Rxc8 Qxc8 22. Qd6 Rc7 23. g3 Rc6 24. Qe5 Qc7 25. Qxc7 Rxc7 26. Kg2 Kf7 27. Kf3
Rc2 28. e4 Nc3 29. exf5 exf5 30. Ke3 Rb2 31. Kd3 Rxb3 32. Kc4 Rb2 33. Bxc3 bxc3
34. Kxc3 Ra2 35. Kb3 Re2 36. Kb4 f4 37. Ka5 f3 38. Kxa6 Rb2 39. a5 Kf6 40. Ka7
h5 41. a6 g5 42. Ka8 g4 43. a7 Kf5 44. Ra1 Ke4 45. Ra5 Kd3 46. Rxh5 Ke2 47. h3
Kxf2 48. hxg4 Kxg3 49. g5 Kg4 50. Rh7 1/2-1/2

[Event "Madrid-chT 1920"]
[Site "Madrid"]
[Date "2020.02.08"]
[Round "8.2"]
[White "Garcia Salamero, Gabriel"]
[Black "Renteria Becerra, Jorge Elicer"]
[Result "0-1"]
[WhiteElo "2181"]
[BlackElo "2307"]
[PlyCount "104"]
[EventDate "2019.11.24"]
[EventType "team-tourn"]
[EventRounds "14"]
[EventCountry "ESP"]
[SourceVersionDate "2019.11.24"]
[WhiteTeam "Getafe"]
[BlackTeam "Blanco y Negro"]
[WhiteTeamCountry "ESP"]
[BlackTeamCountry "ESP"]

1. f4 c5 2. Nf3 g6 3. e3 Bg7 4. Be2 Nf6 5. O-O O-O 6. d4 b6 7. c3 Bb7 8. Ne5 d6
9. Bf3 Bxf3 10. Qxf3 Na6 11. Nd3 Nc7 12. e4 cxd4 13. cxd4 Ne6 14. d5 Nd4 15.
Qd1 Nxe4 16. Nd2 Nf6 17. Nb4 a5 18. Nc6 Nxc6 19. dxc6 Qc7 20. Qf3 d5 21. Nb3
Qxc6 22. Be3 a4 23. Nd4 Qd7 24. Rac1 Rac8 25. h3 e6 26. Qe2 Ne4 27. Qd3 h5 28.
Qa3 Ng3 29. Rxc8 Rxc8 30. Re1 Rc4 31. Qd3 Ne4 32. Rd1 a3 33. Qxa3 Qa4 34. Qxa4
Rxa4 35. a3 b5 36. Nxb5 Bxb2 37. Rd3 Rc4 38. Rb3 Bc1 39. Bxc1 Rxc1+ 40. Kh2 h4
41. g4 hxg3+ 42. Kg2 Rc2+ 43. Kg1 Ra2 44. Nc3 Nxc3 45. Rxc3 Kg7 46. Rxg3 Kf6
47. Kf1 Kf5 48. Ke1 Kxf4 49. Rd3 Ke4 50. Rb3 d4 51. Kd1 d3 52. Kc1 e5 0-1

[Event "Madrid-chT 1920"]
[Site "Madrid"]
[Date "2020.02.08"]
[Round "8.3"]
[White "Alarcia Astiz, Carlos"]
[Black "Garcia Dorado, Alberto"]
[Result "1/2-1/2"]
[WhiteElo "2302"]
[BlackElo "2175"]
[PlyCount "44"]
[EventDate "2019.11.24"]
[EventType "team-tourn"]
[EventRounds "14"]
[EventCountry "ESP"]
[SourceVersionDate "2019.11.24"]
[WhiteTeam "Blanco y Negro"]
[BlackTeam "Getafe"]
[WhiteTeamCountry "ESP"]
[BlackTeamCountry "ESP"]

1. e4 e6 2. d3 d5 3. Nd2 c5 4. Ngf3 Nc6 5. g3 Bd6 6. Bg2 Nge7 7. O-O O-O 8. Re1
Qc7 9. c3 d4 10. Nc4 e5 11. cxd4 cxd4 12. Bd2 f6 13. Rc1 Be6 14. Nh4 Qd7 15. f4
Bc7 16. a4 Rab8 17. b4 b5 18. axb5 Rxb5 19. Na3 Rb7 20. b5 Nb8 21. Rf1 a6 22.
fxe5 Bxe5 1/2-1/2

[Event "Madrid-chT 1920"]
[Site "Madrid"]
[Date "2020.02.08"]
[Round "8.4"]
[White "Lopez Paniego, Noel"]
[Black "Martinez Rubi, Alberto"]
[Result "1/2-1/2"]
[WhiteElo "2048"]
[BlackElo "2110"]
[PlyCount "47"]
[EventDate "2019.11.24"]
[EventType "team-tourn"]
[EventRounds "14"]
[EventCountry "ESP"]
[SourceVersionDate "2019.11.24"]
[WhiteTeam "Getafe"]
[BlackTeam "Blanco y Negro"]
[WhiteTeamCountry "ESP"]
[BlackTeamCountry "ESP"]

1. Nf3 e6 2. b3 b6 3. Bb2 Bb7 4. e3 Nf6 5. Be2 Be7 6. O-O O-O 7. c4 d6 8. d4
Nbd7 9. Nc3 Re8 10. Nd2 Bf8 11. Bf3 Qc8 12. Bxb7 Qxb7 13. Qf3 Qxf3 14. Nxf3 a6
15. Rfd1 d5 16. cxd5 exd5 17. Rac1 Bd6 18. Nb1 b5 19. Ne1 Ne4 20. Nd3 b4 21. a4
a5 22. Nd2 Nxd2 23. Rxd2 Re7 24. g3 1/2-1/2

[Event "Madrid-chT 1920"]
[Site "Madrid"]
[Date "2020.02.08"]
[Round "8.5"]
[White "Bento Iglesias, Pablo"]
[Black "Exposito Perez, Luis"]
[Result "1-0"]
[WhiteElo "1956"]
[BlackElo "1939"]
[PlyCount "55"]
[EventDate "2019.11.24"]
[EventType "team-tourn"]
[EventRounds "14"]
[EventCountry "ESP"]
[SourceVersionDate "2019.11.24"]
[WhiteTeam "Blanco y Negro"]
[BlackTeam "Getafe"]
[WhiteTeamCountry "ESP"]
[BlackTeamCountry "ESP"]

1. e4 e6 2. Qe2 Nf6 3. Nf3 d5 4. exd5 Qxd5 5. g3 c6 6. Bg2 Be7 7. O-O O-O 8. d4
Qd8 9. c4 Nbd7 10. Rd1 Re8 11. b3 Nf8 12. Bb2 Ng6 13. Nbd2 Qc7 14. h4 h6 15.
Ne5 Nxe5 16. dxe5 Nd7 17. Qh5 b6 18. Ne4 Bb7 19. Nd6 Rf8 20. Nxb7 Qxb7 21. Rd4
Kh7 22. Be4+ g6 23. Bc1 Rh8 24. Bxg6+ Kg7 25. Rg4 Nf6 26. exf6+ Bxf6 27. Bxh6+
Rxh6 28. Be4+ 1-0

[Event "Madrid-chT 1920"]
[Site "Madrid"]
[Date "2020.02.08"]
[Round "8.1"]
[White "Espinosa Aranda, Angel"]
[Black "Vazquez Igarza, Renier"]
[Result "1/2-1/2"]
[WhiteElo "2495"]
[BlackElo "2550"]
[PlyCount "74"]
[EventDate "2019.11.24"]
[EventType "team-tourn"]
[EventRounds "14"]
[EventCountry "ESP"]
[SourceVersionDate "2019.11.24"]
[WhiteTeam "Virgen de Atocha"]
[BlackTeam "Collado Villalba"]
[WhiteTeamCountry "ESP"]
[BlackTeamCountry "ESP"]

1. d4 Nf6 2. c4 e6 3. g3 Bb4+ 4. Nd2 d5 5. Bg2 O-O 6. a3 Bxd2+ 7. Bxd2 dxc4 8.
Nf3 Nc6 9. e3 Rb8 10. O-O b5 11. b3 Ba6 12. Qc2 Rb6 13. Rfc1 h6 14. Rab1 Qb8
15. Be1 Rc8 16. h3 Rd8 17. Nd2 Na5 18. b4 Nc6 19. a4 Nd5 20. Ne4 bxa4 21. Nc5
Bb5 22. Nxa4 Bxa4 23. Qxa4 c3 24. Bxc3 Nxc3 25. Rxc3 Nxb4 26. Ra3 Nd5 27. Rba1
a6 28. Qc4 Nb4 29. Ra5 c6 30. Be4 Rb5 31. Bxc6 Rxa5 32. Rxa5 Rc8 33. Rc5 Nxc6
34. Rxc6 Qb1+ 35. Kh2 Rxc6 36. Qxc6 Qb5 37. d5 exd5 1/2-1/2

[Event "Madrid-chT 1920"]
[Site "Madrid"]
[Date "2020.02.08"]
[Round "8.2"]
[White "Pulvett Marin, Daniel Eduardo"]
[Black "Almagro Llamas, Pablo"]
[Result "1-0"]
[WhiteElo "2489"]
[BlackElo "2458"]
[PlyCount "69"]
[EventDate "2019.11.24"]
[EventType "team-tourn"]
[EventRounds "14"]
[EventCountry "ESP"]
[SourceVersionDate "2019.11.24"]
[WhiteTeam "Collado Villalba"]
[BlackTeam "Virgen de Atocha"]
[WhiteTeamCountry "ESP"]
[BlackTeamCountry "ESP"]

1. d4 Nf6 2. c4 e6 3. Nf3 Bb4+ 4. Bd2 Qe7 5. g3 Nc6 6. Bg2 Bxd2+ 7. Nbxd2 d6 8.
e4 a5 9. O-O e5 10. d5 Nb8 11. Ne1 h5 12. Nc2 h4 13. Ne3 hxg3 14. fxg3 Nbd7 15.
b3 g6 16. a3 c6 17. b4 c5 18. Nb3 a4 19. Nc1 b5 20. Nd3 Ba6 21. bxc5 dxc5 22.
Rc1 Qf8 23. Qf3 Qh6 24. h4 O-O 25. Bh3 Rab8 26. Bxd7 Nxd7 27. Ng4 Qg7 28. Qe3
bxc4 29. Nxc5 Nxc5 30. Qxc5 Kh8 31. Nf6 Qh6 32. Nd7 Rfc8 33. Qf2 c3 34. Qf6+
Qg7 35. Qxa6 1-0

[Event "Madrid-chT 1920"]
[Site "Madrid"]
[Date "2020.02.08"]
[Round "8.3"]
[White "Plazuelo Pascual, Juan"]
[Black "Moreno Ruiz, Javier"]
[Result "1-0"]
[WhiteElo "2444"]
[BlackElo "2434"]
[PlyCount "85"]
[EventDate "2019.11.24"]
[EventType "team-tourn"]
[EventRounds "14"]
[EventCountry "ESP"]
[SourceVersionDate "2019.11.24"]
[WhiteTeam "Virgen de Atocha"]
[BlackTeam "Collado Villalba"]
[WhiteTeamCountry "ESP"]
[BlackTeamCountry "ESP"]

1. d4 Nf6 2. c4 e6 3. Nc3 Bb4 4. Qc2 d5 5. a3 Bxc3+ 6. Qxc3 c5 7. dxc5 d4 8.
Qg3 O-O 9. Bh6 Ne8 10. Rd1 Nc6 11. Bc1 e5 12. Nf3 Qe7 13. b4 f6 14. e3 Bf5 15.
Nh4 Be4 16. f3 Bc2 17. Rd2 d3 18. Bxd3 Bxd3 19. Rxd3 Qe6 20. O-O Qxc4 21. Rfd1
Rf7 22. Nf5 Kh8 23. Qg4 Qc2 24. Qe4 g6 25. Qd5 Rf8 26. Nd6 Nxd6 27. cxd6 Rad8
28. Qe6 a6 29. R3d2 Qa4 30. Bb2 Kg7 31. d7 Rf7 32. f4 Qb5 33. h4 Qb6 34. Rd3
exf4 35. Bd4 Qb5 36. exf4 Nxd4 37. Rxd4 Qa4 38. R1d3 Qb5 39. Rd6 Qf5 40. Qe8
Rf8 41. Qe7+ Kg8 42. R6d4 h5 43. Kh2 1-0

[Event "Madrid-chT 1920"]
[Site "Madrid"]
[Date "2020.02.08"]
[Round "8.4"]
[White "Martin Duque, Jesus"]
[Black "Martinez Conde Hernandez, Carlos"]
[Result "1-0"]
[WhiteElo "2446"]
[BlackElo "2098"]
[PlyCount "75"]
[EventDate "2019.11.24"]
[EventType "team-tourn"]
[EventRounds "14"]
[EventCountry "ESP"]
[SourceVersionDate "2019.11.24"]
[WhiteTeam "Collado Villalba"]
[BlackTeam "Virgen de Atocha"]
[WhiteTeamCountry "ESP"]
[BlackTeamCountry "ESP"]

1. e4 c5 2. Nf3 Nc6 3. d4 cxd4 4. Nxd4 e5 5. Nb5 a6 6. Nd6+ Bxd6 7. Qxd6 Qf6 8.
Qxf6 Nxf6 9. Nc3 Nb4 10. Kd2 d6 11. f3 Be6 12. b3 O-O-O 13. Ba3 Nc6 14. Bd3 b5
15. Bb2 Nb4 16. Rhc1 Nxd3 17. cxd3 Kb7 18. Ne2 Nd7 19. d4 d5 20. Ke3 dxe4 21.
fxe4 exd4+ 22. Nxd4 Rde8 23. Kf4 Nf6 24. Nc6 g5+ 25. Kf3 Bg4+ 26. Kg3 Re6 27.
Bxf6 Rxf6 28. Kxg4 Rxc6 29. Rxc6 Kxc6 30. Rc1+ Kd7 31. Kf5 Re8 32. e5 a5 33.
Rc5 a4 34. Rxb5 axb3 35. Rxb3 Rc8 36. a3 Rc5 37. Kf6 Kc7 38. Re3 1-0

[Event "Madrid-chT 1920"]
[Site "Madrid"]
[Date "2020.02.08"]
[Round "8.5"]
[White "Vazquez Torres, Adrian"]
[Black "Quispe Arteaga, Gabriel"]
[Result "1-0"]
[WhiteElo "2140"]
[BlackElo "2407"]
[PlyCount "135"]
[EventDate "2019.11.24"]
[EventType "team-tourn"]
[EventRounds "14"]
[EventCountry "ESP"]
[SourceVersionDate "2019.11.24"]
[WhiteTeam "Virgen de Atocha"]
[BlackTeam "Collado Villalba"]
[WhiteTeamCountry "ESP"]
[BlackTeamCountry "ESP"]

1. e4 c5 2. Nf3 e6 3. d4 cxd4 4. Nxd4 Nc6 5. Nc3 a6 6. Be3 Qc7 7. Bd3 Nf6 8.
O-O b5 9. Nxc6 Qxc6 10. Bg5 Bb7 11. Re1 Be7 12. Qf3 h6 13. Bd2 Qc7 14. Qh3 Bd6
15. Rad1 Be5 16. a4 b4 17. Ne2 a5 18. c3 b3 19. Nc1 Bc6 20. Re2 h5 21. Rf1 Ng4
22. f3 Nxh2 23. Rd1 g5 24. Bxg5 Rg8 25. Be3 Bg3 26. Qxh5 Bxa4 27. Red2 Be5 28.
Bd4 Bf4 29. Ne2 Bxd2 30. Rxd2 Nxf3+ 31. Qxf3 Bc6 32. Qf6 a4 33. Nf4 Qa5 34. Rf2
Qg5 35. Nd5 Qxf6 36. Nxf6+ Ke7 37. Nxg8+ Rxg8 38. Bc5+ d6 39. Ba3 e5 40. Bc4
Rg7 41. Rd2 Rg6 42. Bd5 Bd7 43. Rf2 f6 44. Bb7 Rh6 45. Rf3 Rg6 46. Kf2 Bb5 47.
Rh3 Rg7 48. Rh8 Bd3 49. Ra8 f5 50. Bd5 Rg4 51. Ra7+ Kf6 52. exf5 Bxf5 53. Bxd6
Rf4+ 54. Ke3 Be6 55. Be7+ Kf5 56. Bxe6+ Kxe6 57. Bb4 Rg4 58. Kf3 Rf4+ 59. Kg3
Rf1 60. Rxa4 e4 61. Ra3 Kd5 62. Ra5+ Kc4 63. Ra8 Rb1 64. Rc8+ Kd3 65. Ba3 Rf1
66. Rf8 Rh1 67. Kf4 Rf1+ 68. Kg3 1-0

[Event "Madrid-chT 1920"]
[Site "Madrid"]
[Date "2020.02.08"]
[Round "8.6"]
[White "Suarez Uriel, Adrian"]
[Black "Aguilera Lopez, Alejandro"]
[Result "1/2-1/2"]
[WhiteElo "2371"]
[BlackElo "2212"]
[PlyCount "70"]
[EventDate "2019.11.24"]
[EventType "team-tourn"]
[EventRounds "14"]
[EventCountry "ESP"]
[SourceVersionDate "2019.11.24"]
[WhiteTeam "Collado Villalba"]
[BlackTeam "Virgen de Atocha"]
[WhiteTeamCountry "ESP"]
[BlackTeamCountry "ESP"]

1. e4 c5 2. Nf3 e6 3. d4 cxd4 4. Nxd4 Nf6 5. Nc3 Nc6 6. Ndb5 d6 7. Bf4 e5 8.
Bg5 a6 9. Na3 b5 10. Bxf6 gxf6 11. Nd5 Be6 12. c4 b4 13. Nc2 Rb8 14. Qh5 b3 15.
axb3 Rxb3 16. Ra2 Bg7 17. Be2 O-O 18. Bd1 Qb8 19. O-O a5 20. Qh4 Bxd5 21. exd5
Ne7 22. Ne3 Rxb2 23. Rxa5 Qc7 24. Ra3 f5 25. Qg5 f4 26. Ng4 f5 27. Nh6+ Kh8 28.
Bh5 Rf6 29. Ra8+ Rb8 30. Rxb8+ Qxb8 31. Nf7+ Kg8 32. c5 Rxf7 33. Bxf7+ Kxf7 34.
c6 h6 35. Qh5+ Kg8 1/2-1/2

[Event "Madrid-chT 1920"]
[Site "Madrid"]
[Date "2020.02.09"]
[Round "8.1"]
[White "Sanchez Gonzalez, Sergio"]
[Black "Reyes Larena, Juan"]
[Result "1-0"]
[WhiteElo "2286"]
[BlackElo "2456"]
[PlyCount "139"]
[EventDate "2019.11.24"]
[EventType "team-tourn"]
[EventRounds "14"]
[EventCountry "ESP"]
[SourceVersionDate "2019.11.24"]
[WhiteTeam "Liberty Chess"]
[BlackTeam "San Sebastian de los Reyes"]
[WhiteTeamCountry "ESP"]
[BlackTeamCountry "ESP"]

1. Nf3 Nf6 2. d4 g6 3. g3 Bg7 4. Bg2 O-O 5. c4 d6 6. Nc3 Nbd7 7. O-O e5 8. dxe5
dxe5 9. Qc2 c6 10. h3 Qe7 11. Be3 Nh5 12. Rad1 f5 13. Bg5 Qe8 14. Qd2 e4 15.
Ne1 Ne5 16. b3 Nf7 17. Be3 Qe7 18. Na4 Rd8 19. Qc1 Rxd1 20. Qxd1 Be6 21. Qc1 b6
22. Nc2 c5 23. Rd1 g5 24. Bd2 Rf8 25. Nc3 h6 26. Ne3 Bxc3 27. Bxc3 f4 28. Nf1
e3 29. fxe3 Nxg3 30. Nxg3 fxg3 31. Bb2 Nh8 32. Qc3 Kh7 33. Rd6 Bf5 34. e4 Bc8
35. e5 Bf5 36. e6 Kg6 37. Bf3 Bxh3 38. Rd7 Qf6 39. Rg7+ Kxg7 40. Qd2 Bxe6 41.
Bxf6+ Rxf6 42. Qd6 Nf7 43. Qxg3 g4 44. Bg2 h5 45. Bd5 Ng5 46. Kg2 Nh3 47. Qc7+
Kg6 48. Kg3 Nf4 49. Qe5 Bxd5 50. cxd5 Rf5 51. Qe8+ Kg5 52. Qg8+ Ng6 53. d6 h4+
54. Kg2 Rf8 55. Qg7 Re8 56. Kf1 h3 57. d7 Rd8 58. Kf2 h2 59. Kg2 g3 60. e4 Kh5
61. Qh7+ Kg5 62. Kxg3 Rxd7 63. Qxd7 h1=Q 64. Qd8+ Kh6 65. Qd2+ Kg7 66. Qd7+ Kf6
67. Qd6+ Kf7 68. Qd5+ Ke7 69. Qb7+ Kf6 70. e5+ 1-0

[Event "Madrid-chT 1920"]
[Site "Madrid"]
[Date "2020.02.09"]
[Round "8.2"]
[White "Reyes Penas, Sebastian"]
[Black "Fernandez Garcia, Miguel Angel"]
[Result "1/2-1/2"]
[WhiteElo "2252"]
[BlackElo "2260"]
[PlyCount "95"]
[EventDate "2019.11.24"]
[EventType "team-tourn"]
[EventRounds "14"]
[EventCountry "ESP"]
[SourceVersionDate "2019.11.24"]
[WhiteTeam "San Sebastian de los Reyes"]
[BlackTeam "Liberty Chess"]
[WhiteTeamCountry "ESP"]
[BlackTeamCountry "ESP"]

1. e4 c5 2. Nf3 Nc6 3. d4 cxd4 4. Nxd4 e5 5. Nb5 d6 6. c4 Be7 7. N1c3 a6 8. Na3
Nf6 9. Nc2 O-O 10. Be2 Be6 11. O-O Rc8 12. b3 b5 13. cxb5 axb5 14. Qd3 b4 15.
Nd5 Qa5 16. Ncxb4 Nxb4 17. Nxe7+ Kh8 18. Bd2 Nxd3 19. Bxa5 Nf4 20. Bf3 Ra8 21.
Bd2 Nd3 22. Bg5 Nb4 23. Bxf6 gxf6 24. Rfd1 Nc2 25. Rac1 Nd4 26. Rd2 Ra7 27. Nd5
Bxd5 28. exd5 Rfa8 29. Bh5 Rxa2 30. Rxa2 Rxa2 31. g3 Ra7 32. Rc8+ Kg7 33. Rd8
Kh6 34. Bg4 Ra6 35. Bd7 Nxb3 36. Bc6 Nd4 37. Rxd6 Kg7 38. Kg2 e4 39. g4 Ra2 40.
Kg3 Ne2+ 41. Kg2 Ra1 42. h3 Ra3 43. Rd8 Nf4+ 44. Kh2 Rxh3+ 45. Kg1 Rd3 46. d6
Ne6 47. Rd7 Nc5 48. Rd8 1/2-1/2